[Event "Cambridge Int Open 2023"]
[Site "Cambridge ENG"]
[Date "2023.02.16"]
[Round "4.44"]
[White "Kaushik, Madhav"]
[Black "Blinov, Roman"]
[Result "0-1"]
[WhiteElo "1443"]
[BlackElo "1731"]
[WhiteFideId "499986"]
[BlackFideId "343104478"]
[EventDate "2023.02.15"]

1. e4 c6 2. d4 d5 3. e5 c5 4. c3 Nc6 5. Be2 a6 6. Nf3 Bg4 7. Nbd2 e6 8. O-O cxd4
9. cxd4 Nge7 10. h3 Bf5 11. Nb3 Be4 12. Bd3 Nf5 13. Be3 Be7 14. a3 O-O 15. Rc1
a5 16. Nc5 Bxc5 17. Rxc5 Bxf3 18. gxf3 Nxe3 19. fxe3 Qg5+ 20. Kf2 Qh4+ 21. Kg2
Qe7 22. Qc2 g6 23. Bb5 Na7 24. Qe2 Rfc8 25. Rfc1 Rxc5 26. Rxc5 Rc8 27. Rxc8+
Nxc8 28. Qd2 Qc7 29. Qc3 Qxc3 30. bxc3 Kf8 31. Kg3 Ke7 32. Kg4 Nb6 33. Kf4 h6
34. a4 Nc4 35. e4 Nb2 36. Kg3 Nd1 37. c4 Nc3 38. Kf4 dxc4 39. Bxc4 Nxa4 40. Ke3
Nb2 41. Ba2 Nd1+ 42. Kd2 Nf2 43. h4 b5 44. Bb3 g5 45. Ke3 Nh3 46. hxg5 Nxg5 47.
Kf4 Nh3+ 48. Kg3 Ng5 49. Kf4 a4 50. Bd1 a3 51. Bb3 Nh7 52. Kg4 Nf8 53. Kh5 Nd7
54. f4 Nb8 55. d5 Na6 56. f5 Nb4 57. dxe6 fxe6 58. Bxe6 a2 59. Bxa2 Nxa2 60. Kg6
Kf8 61. e6 Nb4 62. e7+ Kxe7 63. Kg7 Nc6 64. f6+ Kd7 65. e5 Nxe5 0-1

[Event "Cambridge Int Open 2023"]
[Site "Cambridge ENG"]
[Date "2023.02.16"]
[Round "4.45"]
[White "Golubovic, Erik"]
[Black "Lazarevic, Ljubica"]
[Result "1-0"]
[WhiteElo "1887"]
[BlackElo "1495"]
[WhiteFideId "14586908"]
[BlackFideId "418765"]
[EventDate "2023.02.15"]

1. d4 d5 2. c4 e6 3. Nf3 c6 4. g3 Bd6 5. Bg2 f5 6. O-O Nf6 7. Nc3 Nbd7 8. b3 Ne4
9. Bb2 O-O 10. Rc1 Qe8 11. e3 h6 12. Ne2 g5 13. Ne5 Nef6 14. Qd3 Kg7 15. a3 h5
16. b4 Rh8 17. f3 g4 18. Nf4 gxf3 19. Bxf3 Bxe5 20. dxe5 Ne4 21. cxd5 cxd5 22.
Rc7 Kg8 23. Nxd5 1-0

[Event "Cambridge Int Open 2023"]
[Site "Cambridge ENG"]
[Date "2023.02.16"]
[Round "4.46"]
[White "Catabay, Rezin C"]
[Black "Bowers, Francis J"]
[Result "0-1"]
[WhiteElo "1597"]
[BlackElo "1855"]
[WhiteFideId "487686"]
[BlackFideId "438383"]
[EventDate "2023.02.15"]

1. e4 e5 2. Nf3 d6 3. Bc4 Nc6 4. O-O g6 5. Nc3 Bg7 6. d3 Na5 7. Bb3 Nxb3 8. axb3
f5 9. exf5 Bxf5 10. Re1 Nf6 11. Ne4 O-O 12. Ng3 Qd7 13. h3 Nd5 14. Ne4 a6 15. c3
h6 16. d4 Rae8 17. dxe5 dxe5 18. Nc5 Qc6 19. b4 Kh7 20. g4 Bc8 21. Ne4 Nf4 22.
Bxf4 Rxf4 23. Qd3 Ref8 24. Re3 Be6 25. Nh4 Bc4 26. Qc2 Bd5 27. f3 Qb6 28. Re1
Bxe4 29. fxe4 h5 30. Ng2 Rf3 31. Kh2 hxg4 32. hxg4 Qe6 33. Rxf3 Rxf3 34. Ne3 Bh6
35. Ng2 Qxg4 36. Rh1 Qg3+ 37. Kg1 Kg7 38. Rxh6 Kxh6 39. Qd2+ g5 40. Qd7 Qf2+ 41.
Kh2 Rf7 42. Qe6+ Qf6 43. Qh3+ Kg6 44. Qg4 Rh7+ 45. Kg1 Qb6+ 46. Kf1 Rf7+ 47. Ke1
Qf2+ 48. Kd1 Qf1+ 49. Kc2 Rf2+ 50. Kb3 Rxg2 0-1

[Event "Cambridge Int Open 2023"]
[Site "Cambridge ENG"]
[Date "2023.02.16"]
[Round "4.47"]
[White "Matthews, Adrian M S"]
[Black "Portheault, Benjamin"]
[Result "1-0"]
[WhiteElo "1781"]
[BlackElo "1498"]
[WhiteFideId "413631"]
[BlackFideId "456373"]
[EventDate "2023.02.15"]

1. e4 d6 2. d4 Nf6 3. Nc3 g6 4. Nf3 Bg7 5. Bg5 c6 6. Bd3 b5 7. Qd2 h6 8. Bh4
Nbd7 9. e5 dxe5 10. dxe5 Ng4 11. e6 Nc5 12. exf7+ Kxf7 13. Qf4+ Bf6 14. Rd1
Nxd3+ 15. Rxd3 Qa5 16. Bxf6 exf6 17. O-O g5 18. Qe4 b4 19. Qxc6 Bf5 20. Rd5 Rac8
21. Qxc8 Qxd5 22. Qxh8 bxc3 23. bxc3 Qc5 24. Qb8 Bxc2 25. h3 Bd3 26. hxg4 Bxf1
27. Kxf1 Qc4+ 28. Kg1 Qxa2 29. Qb7+ Kg6 30. Qe4+ Kg7 31. Qe7+ Kg6 32. Qe3 a5 33.
Nd4 a4 34. Qe4+ Kg7 35. Nf5+ Kg6 36. Nh4+ Kf7 37. Qh7+ Ke8 38. Nf5 Qa1+ 39. Kh2
Qe1 40. Qa7 Qe5+ 41. g3 Qe2 42. Qxa4+ Kd8 43. Qd4+ Kc8 44. Qc5+ Kd7 45. Qd6+ Ke8
46. Qd4 h5 47. Qe3+ 1-0

[Event "Cambridge Int Open 2023"]
[Site "Cambridge ENG"]
[Date "2023.02.16"]
[Round "4.49"]
[White "Li, Reya"]
[Black "Downey, Keith"]
[Result "1-0"]
[WhiteElo "1474"]
[BlackElo "1818"]
[WhiteFideId "486892"]
[BlackFideId "10700250"]
[EventDate "2023.02.15"]

1. e4 c5 2. Nf3 d6 3. d4 cxd4 4. Nxd4 Nf6 5. f3 a6 6. c4 Nc6 7. Nc3 e5 8. Nb3
Be7 9. Be3 Be6 10. Qd2 Na5 11. Nxa5 Qxa5 12. Rd1 Rc8 13. Nd5 Qxd2+ 14. Kxd2 Bxd5
15. cxd5 h5 16. Bd3 O-O 17. Rc1 Nd7 18. b4 Rfd8 19. Bc2 Rc4 20. a3 Kf8 21. Ba4
Rxc1 22. Rxc1 b5 23. Bb3 Ra8 24. a4 Bd8 25. a5 Ke7 26. Rc6 Nb8 27. Rc8 Kd7 28.
Rc1 Ke8 29. Rc8 Kd7 30. Rc1 Ke8 31. g4 hxg4 32. fxg4 g5 33. h3 Kd7 34. Bb6 f6
35. Kd3 Ke7 36. Rc8 Bxb6 37. axb6 1-0

[Event "Cambridge Int Open 2023"]
[Site "Cambridge ENG"]
[Date "2023.02.16"]
[Round "4.50"]
[White "Donnelly, Andrew J"]
[Black "Sellen, John"]
[Result "1-0"]
[WhiteElo "1522"]
[BlackElo "1547"]
[WhiteFideId "472344"]
[BlackFideId "432300"]
[EventDate "2023.02.15"]

1. Nf3 f5 2. g3 Nf6 3. d4 e6 4. c4 d5 5. Qc2 c6 6. Bg2 Bd6 7. O-O O-O 8. b3 Qe7
9. Nc3 Nbd7 10. Bb2 Ne4 11. cxd5 exd5 12. e3 Qe8 13. Ne2 Ndf6 14. Ne5 Nd7 15. f3
Nef6 16. f4 Ng4 17. Nxg4 fxg4 18. e4 dxe4 19. Bxe4 Nf6 20. Nc3 h5 21. Rfe1 Nxe4
22. Nxe4 Qd8 23. Ng5 Bf5 24. Qc4+ 1-0

[Event "Cambridge Int Open 2023"]
[Site "Cambridge ENG"]
[Date "2023.02.16"]
[Round "4.51"]
[White "Pride, Stephen C"]
[Black "Bryant, Harry"]
[Result "0-1"]
[WhiteElo "1533"]
[BlackElo "1686"]
[WhiteFideId "419680"]
[BlackFideId "489158"]
[EventDate "2023.02.15"]

1. d4 d5 2. Bf4 Nf6 3. Nc3 c5 4. e3 cxd4 5. exd4 Bg4 6. Be2 Bxe2 7. Ngxe2 Nc6 8.
O-O e6 9. a3 a6 10. Ng3 Bd6 11. Bxd6 Qxd6 12. Nce2 h5 13. Re1 h4 14. Nf1 g5 15.
Qc1 Rg8 16. c3 Ne7 17. Kh1 Nf5 18. f3 g4 19. Qf4 Qb6 20. h3 Nh5 21. Qd2 gxf3 22.
gxf3 Qd6 23. c4 Nhg3+ 24. Nexg3 Nxg3+ 25. Nxg3 Qxg3 26. Rf1 Qxh3+ 27. Qh2 Qxh2+
28. Kxh2 dxc4 29. Rac1 b5 30. Rg1 Ke7 31. Rg4 Rxg4 32. fxg4 Kd6 33. Rf1 Ra7 34.
Kh3 Kd5 35. Rf4 f5 36. gxf5 exf5 37. Kxh4 Rg7 38. Rxf5+ Kxd4 39. Rf2 Kd3 40. Kh3
Re7 41. Rf6 Re2 42. Rxa6 Rxb2 43. Ra5 c3 44. Ra8 c2 45. Rd8+ Ke2 46. Rc8 Kd1 47.
Rd8+ Kc1 0-1

[Event "Cambridge Int Open 2023"]
[Site "Cambridge ENG"]
[Date "2023.02.16"]
[Round "4.57"]
[White "Walker, Heather Enid"]
[Black "Hertog, Alexander"]
[Result "0-1"]
[WhiteElo "1280"]
[BlackElo "1641"]
[WhiteFideId "343402127"]
[BlackFideId "488453"]
[EventDate "2023.02.15"]

1. Nf3 d5 2. e4 dxe4 3. Ng5 Nf6 4. Nc3 Bf5 5. Bc4 e6 6. f3 exf3 7. Qxf3 c6 8.
Nxf7 Kxf7 9. Qxf5 Qd7 10. Ne2 b5 11. Bb3 c5 12. Qf3 Nc6 13. a4 b4 14. O-O Re8
15. d3 Bd6 16. Bh6 Be5 17. Qh5+ Ke7 18. Bg5 Qd6 19. Rad1 Nd4 20. Nxd4 Bxd4+ 21.
Kh1 Bxb2 22. Qh4 h6 23. Bf4 e5 24. Rfe1 Kd7 25. Qh3+ Kc7 26. Bd2 Bd4 27. Qg3 Re7
28. Rc1 Nd5 29. Qf3 Nc3 30. Bxc3 Bxc3 31. Re2 Qc6 32. Qg3 Kb6 33. Re4 Rf8 34.
Qh4 Qf6 35. h3 Qxh4 36. Rxh4 Rd8 37. Rf1 Rd4 38. Rh5 e4 39. dxe4 Rdxe4 40. Rhf5
Re1 41. Kh2 Rxf1 42. Rxf1 Re4 43. Rf7 a6 44. Rf8 c4 45. Ba2 Ka5 46. Rc8 Kxa4 47.
Bxc4 Rxc4 48. Rxc4 Ka3 49. Rc6 Kb2 50. Rxa6 Kxc2 51. Ra2+ Kb1 52. Rf2 b3 53.
Rf1+ Ka2 54. Rf2+ b2 55. Kg3 Be1 0-1

[Event "Cambridge Int Open 2023"]
[Site "Cambridge ENG"]
[Date "2023.02.17"]
[Round "5.1"]
[White "Roberson, Peter T"]
[Black "Fernandez, Daniel Howard"]
[Result "0-1"]
[WhiteTitle "IM"]
[BlackTitle "GM"]
[WhiteElo "2426"]
[BlackElo "2481"]
[WhiteFideId "412384"]
[BlackFideId "5801605"]
[EventDate "2023.02.15"]

1. e4 c6 2. d4 d5 3. e5 Bf5 4. Nf3 e6 5. Be2 Nd7 6. O-O a5 7. a4 f6 8. c4 fxe5
9. dxe5 Bc5 10. Nbd2 Ne7 11. Nb3 O-O 12. Nxc5 Nxc5 13. Nd4 dxc4 14. Bxc4 Nd5 15.
f4 Be4 16. Nb3 Nxb3 17. Qxb3 b5 18. axb5 Qb6+ 19. Kh1 cxb5 20. Qxb5 Qa7 21. Ba2
Qf7 22. Qe2 Qg6 23. Re1 Bd3 24. Qf3 Nb4 25. Bb3 Bc2 26. Bc4 Rac8 27. Bf1 Bf5 28.
Rxa5 Nc2 29. Rd1 Bg4 30. Qd3 Bxd1 31. Qxd1 Rfd8 32. Qe2 Nd4 33. Qe3 Qb1 0-1

[Event "Cambridge Int Open 2023"]
[Site "Cambridge ENG"]
[Date "2023.02.17"]
[Round "5.3"]
[White "Crocker, Philip J"]
[Black "Korneev, Oleg"]
[Result "0-1"]
[BlackTitle "GM"]
[WhiteElo "2128"]
[BlackElo "2485"]
[WhiteFideId "403180"]
[BlackFideId "4156803"]
[EventDate "2023.02.15"]

1. d4 d5 2. c4 c6 3. Nf3 Nf6 4. e3 Bf5 5. Nc3 e6 6. Nh4 Be4 7. f3 Bg6 8. Qb3 Qc7
9. Bd2 Be7 10. g3 Nbd7 11. cxd5 exd5 12. Be2 O-O 13. Nxg6 hxg6 14. O-O Rfe8 15.
Rad1 Bd6 16. Kg2 Nf8 17. Bc1 Nh5 18. Rf2 Ne6 19. e4 Bxg3 20. hxg3 Qxg3+ 21. Kf1
Nef4 22. Bxf4 Nxf4 23. Rd2 Qh4 24. Ke1 Ng2+ 25. Kd1 Qxf2 26. Qxb7 Rab8 27. Qxc6
Rec8 28. Qa4 Rxc3 29. bxc3 Qe1+ 30. Kc2 Qb1# 0-1

[Event "Cambridge Int Open 2023"]
[Site "Cambridge ENG"]
[Date "2023.02.17"]
[Round "5.4"]
[White "Dardha, Daniel"]
[Black "Czopor, Maciej"]
[Result "1-0"]
[WhiteTitle "GM"]
[BlackTitle "FM"]
[WhiteElo "2612"]
[BlackElo "2412"]
[WhiteFideId "240990"]
[BlackFideId "21805431"]
[EventDate "2023.02.15"]

1. Nf3 Nf6 2. c4 e6 3. b3 b6 4. Bb2 Bb7 5. e3 d5 6. cxd5 exd5 7. Nc3 Nbd7 8. Rc1
a6 9. Bd3 g6 10. O-O Bg7 11. Re1 O-O 12. Bf1 Re8 13. Rc2 Rc8 14. a4 c5 15. d4
Ne4 16. Qa1 Ng5 17. Nxg5 Qxg5 18. Ne2 a5 19. Nf4 cxd4 20. Rxc8 Rxc8 21. Bxd4
Bxd4 22. Qxd4 Qe5 23. h4 Qxd4 24. exd4 Kf8 25. f3 h6 26. Bb5 Nf6 27. g4 Ng8 28.
Nd3 Bc6 29. Ba6 Ra8 30. Rc1 Bxa4 31. bxa4 Rxa6 32. Rc8+ Kg7 33. Rc7 Kf8 34. Rc8+
Kg7 35. Rc7 Kf8 36. Ne5 Ne7 37. Rb7 Ra8 38. Rxb6 Rc8 39. Rf6 Rc1+ 40. Kf2 Ra1
41. Rxf7+ Ke8 42. Rh7 Kf8 43. Nd7+ Ke8 44. Nc5 Kf8 45. Ne6+ Ke8 46. Nc5 Kf8 47.
Ne6+ Ke8 48. Rxh6 Rxa4 49. Rh8+ Kf7 50. Nd8+ Kg7 51. Re8 Ng8 52. Ne6+ Kf7 53.
Rf8+ Kxe6 54. Rxg8 Kf7 55. Ra8 Rxd4 56. Rxa5 Rd1 57. Ra7+ Kf8 58. Ra6 Kf7 59.
Ra7+ Kf8 60. Ke3 Rh1 61. Kf4 Rxh4 62. Kg5 Rh3 63. f4 d4 64. Kxg6 d3 65. Rd7 Ke8
66. Rd4 Ke7 67. f5 Rg3 68. f6+ Ke6 69. g5 Rf3 70. Rd8 1-0

[Event "Cambridge Int Open 2023"]
[Site "Cambridge ENG"]
[Date "2023.02.17"]
[Round "5.5"]
[White "Clarke, Brandon G I"]
[Black "Mihalik, Agoston"]
[Result "1-0"]
[WhiteTitle "IM"]
[WhiteElo "2473"]
[BlackElo "2142"]
[WhiteFideId "400319"]
[BlackFideId "719021"]
[EventDate "2023.02.15"]

1. e4 c5 2. Nf3 e6 3. d4 cxd4 4. Nxd4 a6 5. Bd3 Bc5 6. Nb3 Be7 7. Qg4 g6 8. Qe2
d6 9. a4 b6 10. Nc3 Nd7 11. O-O Bb7 12. Bd2 Qc7 13. Rae1 Ne5 14. f4 Nxd3 15.
cxd3 Nf6 16. Rc1 Qd8 17. g4 O-O 18. f5 exf5 19. gxf5 Nh5 20. Bh6 Re8 21. fxg6
fxg6 22. Qf3 Bf6 23. Rc2 Rc8 24. Rg2 Kh8 25. Nd2 Bg7 26. Bxg7+ Nxg7 27. Rgf2 Bc6
28. Qf6 b5 29. axb5 axb5 30. b4 Bd7 31. Nd5 Be6 32. Qxd8 Rexd8 33. Ne7 Ra8 34.
Nc6 Rdc8 35. Nd4 Bh3 36. Rb1 Bd7 37. Rf6 Ne8 38. Rf7 Rd8 39. Rbf1 Ng7 40. Re7
Bh3 41. Rff7 Ra1+ 42. Kf2 Nh5 43. N2f3 Kg8 44. Ke3 Bg4 45. Rxh7 Rf1 46. Rh6 Kf8
47. Rc7 1-0

[Event "Cambridge Int Open 2023"]
[Site "Cambridge ENG"]
[Date "2023.02.17"]
[Round "5.6"]
[White "Anand, Batsukh"]
[Black "Bosiocic, Marin"]
[Result "0-1"]
[WhiteTitle "FM"]
[BlackTitle "GM"]
[WhiteElo "2197"]
[BlackElo "2564"]
[WhiteFideId "4903510"]
[BlackFideId "14507927"]
[EventDate "2023.02.15"]

1. d4 d6 2. Nf3 Nf6 3. c4 g6 4. Nc3 Bf5 5. Bg5 Bg7 6. e3 h6 7. Bh4 g5 8. Bg3 Nh5
9. Bd3 Nxg3 10. hxg3 Bd7 11. Qc2 c5 12. dxc5 dxc5 13. Rd1 Nc6 14. Be4 Qa5 15.
O-O Rd8 16. a3 O-O 17. Bxc6 Bxc6 18. Nd5 Rd7 19. b4 Qxa3 20. Rd3 Qb2 21. Qxb2
Bxb2 22. bxc5 e6 23. Nb4 Rxd3 24. Nxd3 Bg7 25. Nd4 Be4 26. Nb4 a5 27. f3 Bg6 28.
Na2 Rc8 29. Rc1 Rxc5 30. Nb3 Rc8 31. c5 a4 32. Na5 Rc7 33. Rc4 a3 34. Ra4 Bb2
35. Rb4 Bb1 36. Nc1 Rxc5 37. Ncb3 Rxa5 38. Nxa5 a2 39. Nb3 Bc2 40. Rxb7 Bxb3 41.
Rb8+ Kg7 0-1

[Event "Cambridge Int Open 2023"]
[Site "Cambridge ENG"]
[Date "2023.02.17"]
[Round "5.7"]
[White "Grieve, Harry"]
[Black "Fava, Lorenzo"]
[Result "1-0"]
[WhiteTitle "IM"]
[WhiteElo "2442"]
[BlackElo "2089"]
[WhiteFideId "426520"]
[BlackFideId "2837434"]
[EventDate "2023.02.15"]

1. e4 e5 2. Nf3 Nc6 3. Bb5 Nf6 4. d4 exd4 5. O-O d6 6. Nxd4 Bd7 7. Nc3 Be7 8.
Bf4 O-O 9. Nxc6 Bxc6 10. Bxc6 bxc6 11. e5 dxe5 12. Bxe5 Bd6 13. Bg3 Bxg3 14.
hxg3 Rb8 15. b3 Qxd1 16. Rfxd1 Rbd8 17. Rxd8 Rxd8 18. Rd1 Rxd1+ 19. Nxd1 Kf8 20.
Kf1 Ke7 21. Ke2 Ke6 22. Kd3 Kd5 23. Nc3+ Kc5 24. a3 Nd7 25. f3 f5 26. Ke3 Kd6
27. Ne2 c5 28. Kf4 Ke6 29. g4 fxg4 30. fxg4 a6 31. g5 Kd5 32. c4+ Ke6 33. Ke4
Nb6 34. Nf4+ Kd6 35. Nh5 g6 36. Nf6 Ke6 37. Nxh7 a5 38. a4 Nd7 39. Nf6 Ne5 40.
Nd5 c6 41. Nf4+ Kd6 42. g4 Nf7 43. Nxg6 Nxg5+ 44. Kf5 Nf3 45. Kf6 Nd2 46. g5
Ne4+ 47. Kf5 Ng3+ 48. Kg4 Ne4 49. Kh5 Ke6 50. Kh6 Nd6 51. Nf8+ Ke5 52. g6 Kd4
53. Ne6+ Kc3 54. Nxc5 Kb4 55. Nb7 Ne8 56. c5 Kxb3 57. Nd6 Nf6 58. g7 Kb4 59. Kg6
Ng8 60. Kf7 Nh6+ 61. Kf8 Kxc5 62. Nf7 Nxf7 63. Kxf7 Kb4 64. g8=Q Kxa4 65. Qb8
Ka3 66. Qd6+ Kb3 67. Qxc6 a4 68. Qb5+ 1-0

[Event "Cambridge Int Open 2023"]
[Site "Cambridge ENG"]
[Date "2023.02.17"]
[Round "5.8"]
[White "Bonn, Thomas"]
[Black "Arkell, Keith C"]
[Result "0-1"]
[BlackTitle "GM"]
[WhiteElo "2189"]
[BlackElo "2404"]
[WhiteFideId "638242"]
[BlackFideId "400270"]
[EventDate "2023.02.15"]

1. d4 e6 2. c4 Bb4+ 3. Bd2 Bxd2+ 4. Qxd2 Nf6 5. Nf3 d6 6. g3 Qe7 7. Bg2 e5 8.
Nc3 O-O 9. O-O Re8 10. dxe5 dxe5 11. Nd5 Qd8 12. Rfd1 c6 13. Nxf6+ Qxf6 14. Qc3
Nd7 15. Nd2 Qe7 16. Ne4 Nf6 17. Nd6 Rd8 18. c5 Bg4 19. Rd2 e4 20. h3 Be6 21. Qe5
Kf8 22. Rad1 Rd7 23. b4 Bd5 24. Qc3 a5 25. a3 axb4 26. axb4 b5 27. g4 h6 28. Nf5
Qe6 29. Nd4 Qe8 30. Nf5 Rda7 31. e3 Ra3 32. Qd4 Qe6 33. h4 h5 34. Nxg7 Qxg4 35.
Qxf6 Qxg7 36. Qd6+ Kg8 37. Kh2 Qg6 38. Bh3 Qxd6+ 39. cxd6 Rd8 40. d7 Kf8 41.
Rxd5 cxd5 42. Rxd5 Ra2 43. Kg3 Ke7 44. Rxh5 Rg8+ 45. Bg4 Ra1 46. Re5+ Kd8 47.
Kf4 Rf1 48. Rxe4 Rxf2+ 49. Kg3 Rf1 50. Kg2 Rc1 51. Kf2 Rc4 52. Rxc4 bxc4 53. Bf5
Rh8 54. Kg3 Rh5 55. Bc2 Rd5 0-1

[Event "Cambridge Int Open 2023"]
[Site "Cambridge ENG"]
[Date "2023.02.17"]
[Round "5.9"]
[White "Southcott-Moyers, Indy"]
[Black "Turner, Matthew J"]
[Result "0-1"]
[BlackTitle "GM"]
[WhiteElo "2077"]
[BlackElo "2455"]
[WhiteFideId "488542"]
[BlackFideId "402893"]
[EventDate "2023.02.15"]

1. d4 Nf6 2. c4 e6 3. Nf3 b6 4. g3 Ba6 5. b3 Bb4+ 6. Bd2 Be7 7. Nc3 O-O 8. e4 d5
9. cxd5 Bxf1 10. Kxf1 exd5 11. e5 Ne4 12. Qc2 Nxc3 13. Bxc3 Qd7 14. Kg2 Nc6 15.
Rae1 Nd8 16. h4 Ne6 17. Qd2 c5 18. Rd1 Rfd8 19. Rhe1 Qb5 20. Qb2 Rac8 21. Ng1 a5
22. Ne2 c4 23. f4 g6 24. Ng1 cxb3 25. axb3 Ba3 26. Qc2 Rxc3 27. Qxc3 Bb4 28. Qe3
Bxe1 29. Rxe1 Rc8 30. f5 gxf5 31. Rf1 Rc2+ 32. Rf2 Rxf2+ 33. Kxf2 a4 34. bxa4
Qxa4 35. Ne2 b5 36. Nf4 Qc2+ 37. Kf1 Qb1+ 38. Kf2 Qb2+ 39. Kf1 Qxd4 40. Qxd4
Nxd4 41. Nxd5 Kg7 42. Nb4 Ne6 43. Kf2 f4 44. gxf4 Nxf4 45. Kg3 Ng6 46. Nc6 h5
47. Nd4 b4 48. e6 fxe6 49. Nxe6+ Kf7 50. Nd4 Kf6 51. Kh3 Ne7 52. Nb3 Ke5 53. Kg2
Nf5 54. Kh3 Kd5 55. Na5 Kd4 56. Nc6+ Kc3 57. Nxb4 Kxb4 58. Kg2 Nxh4+ 59. Kg3 Ng6
60. Kh3 Kc4 61. Kg3 Kd4 62. Kh3 Ke4 63. Kg3 Ke3 64. Kg2 Kf4 65. Kh3 Kf3 66. Kh2
Nf4 67. Kg1 Kg3 68. Kh1 h4 69. Kg1 h3 70. Kh1 Nd3 71. Kg1 h2+ 0-1

[Event "Cambridge Int Open 2023"]
[Site "Cambridge ENG"]
[Date "2023.02.17"]
[Round "5.10"]
[White "Payne, Matthew J"]
[Black "Dong, Bao Nghia"]
[Result "1-0"]
[BlackTitle "FM"]
[WhiteElo "2104"]
[BlackElo "2361"]
[WhiteFideId "417084"]
[BlackFideId "12400343"]
[EventDate "2023.02.15"]

1. e4 e6 2. d4 d5 3. e5 c5 4. c3 Nc6 5. Nf3 Qb6 6. Bd3 cxd4 7. O-O Bd7 8. Re1
Nge7 9. Nbd2 dxc3 10. bxc3 Ng6 11. Nb3 Qc7 12. Qe2 f6 13. Bxg6+ hxg6 14. Qd3
O-O-O 15. Bf4 g5 16. Bg3 Nxe5 17. Nxe5 fxe5 18. Bxe5 Bd6 19. Qg3 Bxe5 20. Rxe5
Rh4 21. Nd4 Rdh8 22. h3 g4 23. Nxe6 Qb6 24. Nf4 Qb2 25. Rae1 gxh3 26. Nxd5 Rc4
27. R5e2 Qxe2 28. Rxe2 b6 29. Qd6 1-0

[Event "Cambridge Int Open 2023"]
[Site "Cambridge ENG"]
[Date "2023.02.17"]
[Round "5.11"]
[White "Pert, Nina"]
[Black "Golubovic, Boris"]
[Result "0-1"]
[WhiteTitle "WCM"]
[BlackTitle "IM"]
[WhiteElo "2009"]
[BlackElo "2349"]
[WhiteFideId "456853"]
[BlackFideId "14502160"]
[EventDate "2023.02.15"]

1. e4 c5 2. Nc3 a6 3. g3 Nc6 4. Bg2 g6 5. Nf3 Bg7 6. O-O d6 7. Re1 Bg4 8. h3
Bxf3 9. Bxf3 e6 10. d3 Nge7 11. Be3 b5 12. Qc1 h5 13. Ne2 Rc8 14. Bg2 b4 15. a3
a5 16. Rb1 Qb6 17. axb4 axb4 18. Ra1 Nd4 19. Qb1 O-O 20. Nxd4 Bxd4 21. Bxd4 cxd4
22. g4 hxg4 23. hxg4 Rc5 24. Bf3 g5 25. Bd1 Ng6 26. Qa2 b3 27. Qxb3 Qxb3 28.
cxb3 Nf4 29. Be2 Rb8 30. Ra6 Rxb3 31. Rxd6 Rc1 32. Kf1 Rxe1+ 33. Kxe1 Rxb2 34.
Bd1 Nxd3+ 35. Kf1 Rxf2+ 36. Kg1 Rd2 37. Ba4 Ne5 38. Bb3 Nxg4 39. Rd8+ Kg7 40.
Rd7 Kf6 41. Kf1 Ne5 42. Rd8 g4 43. Rg8 d3 44. Rh8 g3 45. Rh3 Rf2+ 46. Kg1 Nf3+
47. Kh1 g2# 0-1

[Event "Cambridge Int Open 2023"]
[Site "Cambridge ENG"]
[Date "2023.02.17"]
[Round "5.12"]
[White "Itgelt, Khuyagtsogt"]
[Black "Bazakutsa, Svyatoslav"]
[Result "1-0"]
[BlackTitle "FM"]
[WhiteElo "2158"]
[BlackElo "2330"]
[WhiteFideId "4902912"]
[BlackFideId "14198525"]
[EventDate "2023.02.15"]

1. d4 Nf6 2. c4 g6 3. g3 Bg7 4. Bg2 d6 5. Nf3 O-O 6. O-O Nc6 7. Nc3 e5 8. dxe5
dxe5 9. Bg5 Be6 10. Qa4 Qc8 11. Nd2 Bd7 12. Bxf6 Bxf6 13. Nde4 Bd8 14. Nc5 Be8
15. b4 a6 16. Rad1 Nd4 17. Qa3 Rb8 18. e3 Nc6 19. b5 axb5 20. cxb5 Ra8 21. Qb2
Na5 22. Qb4 Be7 23. Nd5 Bd6 24. Nf6+ Kg7 25. Qh4 Bxc5 26. Bh3 Be7 27. Bxc8 Bxf6
28. Qb4 Bxb5 29. Bxb7 Nxb7 30. Qxb5 Nd6 31. Qd5 e4 32. Rc1 Ra7 33. Rc2 Rfa8 34.
Rfc1 Bd8 35. h4 h5 36. Kg2 Ra5 37. Qd4+ Kg8 38. Qd2 Ra3 39. Rb1 R3a7 40. Rb4 Kh7
41. Rd4 Kg7 42. Rd5 Ra3 43. Rdc5 Kg8 44. Qd5 R8a7 45. Rc6 Kg7 46. Rb2 Bf6 47.
Rbc2 Bd8 48. Qd2 R3a4 49. Qc3+ Kh7 50. Qe5 R4a5 51. Qa1 Ra4 52. Qb1 Kg7 53. Qb8
Ra8 54. Qb2+ Kg8 55. Rxc7 Bxc7 56. Rxc7 Rxa2 57. Qf6 R2a6 58. Rd7 Re8 59. Rxd6
Rxd6 60. Qxd6 Kg7 61. Qd7 Re6 62. g4 hxg4 63. Kg3 Re5 64. Kxg4 Rh5 65. Qd4+ Kg8
66. Qf6 Kf8 67. Kf4 Kg8 68. Kxe4 Rb5 69. Kf4 Rb8 70. e4 Rb5 71. f3 Rh5 72. e5
Rh7 73. Kg4 Rg7 74. Kg5 Rh7 75. e6 fxe6 76. Kxg6 1-0

[Event "Cambridge Int Open 2023"]
[Site "Cambridge ENG"]
[Date "2023.02.17"]
[Round "5.13"]
[White "Wall, Tim P"]
[Black "Hobson, Kenneth"]
[Result "1-0"]
[WhiteTitle "FM"]
[WhiteElo "2239"]
[BlackElo "2051"]
[WhiteFideId "401641"]
[BlackFideId "480819"]
[EventDate "2023.02.15"]

1. b3 Nf6 2. Bb2 e6 3. g3 d5 4. Bg2 Be7 5. Nf3 O-O 6. c4 Nbd7 7. O-O b6 8. Nc3
Bb7 9. Qc2 c5 10. cxd5 exd5 11. d4 Rc8 12. Qf5 g6 13. Qd3 Re8 14. Rac1 c4 15.
bxc4 dxc4 16. Qc2 Bf8 17. Rcd1 Nd5 18. Rfe1 Nxc3 19. Bxc3 Be4 20. Qb2 Bg7 21.
Nd2 Nf6 22. f3 Bc6 23. e4 b5 24. d5 Bd7 25. Kh1 Qe7 26. Nf1 a5 27. a3 Rb8 28. d6
Qe6 29. Qd2 Rec8 30. Bxa5 Bc6 31. Ne3 Nd7 32. Bb4 Bf8 33. Nd5 Bxd6 34. Nf6+ Nxf6
35. Bxd6 Rd8 36. Qb4 Rb7 37. Qc5 Rc8 38. Qg5 Rd7 39. Be5 Ne8 40. Bc3 f6 41. Qh6
Rcd8 42. Bh3 f5 43. Bxf5 gxf5 44. Qxe6+ 1-0

[Event "Cambridge Int Open 2023"]
[Site "Cambridge ENG"]
[Date "2023.02.17"]
[Round "5.14"]
[White "Kovalskyi, Roman"]
[Black "Villiers, Thomas"]
[Result "0-1"]
[BlackTitle "CM"]
[WhiteElo "2111"]
[BlackElo "2186"]
[WhiteFideId "14184214"]
[BlackFideId "427209"]
[EventDate "2023.02.15"]

1. e4 c5 2. Nf3 d6 3. d4 cxd4 4. Nxd4 Nf6 5. Nc3 g6 6. f3 Bg7 7. Be3 Bd7 8. Qd2
Nc6 9. Bc4 O-O 10. g4 a6 11. h4 b5 12. Bb3 Na5 13. h5 Nxb3 14. axb3 b4 15. Nd5
Nxd5 16. exd5 e5 17. dxe6 fxe6 18. hxg6 hxg6 19. Qxb4 Qc7 20. Qd2 e5 21. Nf5
Bxf5 22. gxf5 Qc6 23. Qh2 Rxf5 24. O-O-O Rc8 25. c3 Qxf3 26. Qh7+ Kf7 27. Bh6
Rg8 28. Rhg1 Rf6 29. Bxg7 Rxg7 30. Qh8 g5 31. Qd8 Qc6 32. Rgf1 Rg6 33. Rh1 g4
34. Rh7+ Rg7 35. Rdh1 Ke6 36. R1h6 Rxh6 37. Rxh6+ Kd5 38. Qf6 Qd7 39. c4+ Kc5
40. Qf2+ Kc6 41. c5 g3 42. Qg1 Qf5 43. Rxd6+ Kc7 44. Qg2 e4 45. b4 Qf3 46. Qg1
g2 47. Rd1 Rh7 48. Qd4 Qxd1+ 49. Kxd1 Rd7 50. Qxd7+ Kxd7 51. Ke2 g1=Q 0-1